| 000 | 00952nab a2200289 4500 | ||
|---|---|---|---|
| 003 | BR-BrBNA | ||
| 005 | 20240815093543.0 | ||
| 008 | 240808b bl.||||| |||| 00| 0 por d | ||
| 040 |
_aBR-BrBNA _bpor |
||
| 072 |
_aF30 ; E50 _b1835 ; 2790 |
||
| 110 | _aTerranova Gráfica e Editora Jornalística Ltda., Palmas, TO (Brasil) | ||
| 245 |
_aAlém de gostosa, medicinal _bBiotecnologia |
||
| 500 | _a1 illus. | ||
| 650 | _aJACA | ||
| 650 | _aPLANTA MEDICINAL | ||
| 650 | _aSEMENTE | ||
| 650 | _aMEDICAMENTO | ||
| 650 | _aCOLÁGENO | ||
| 650 | _aSAÚDE | ||
| 650 | _aPESQUISA | ||
| 650 | _aGENÉTICA VEGETAL | ||
| 650 | _aBIOTECNOLOGIA | ||
| 650 | _aBIOLOGIA MOLECULAR | ||
| 773 | 0 |
_04604 _9317182 _dPalmas - Tocantins Terranova Gráfica e Editora Jornalística Ltda 2005 _o2024-3806 _tCerrado Rural Agronegócios (Brazil) _x1980-2595 _gv. 3(11) p. 3; (Oct 2005) _wBR2024002401 |
|
| 942 | _cAnalítica | ||
| 999 |
_c300782 _d300782 |
||